An introduction to animal behaviour / (Record no. 1213)

MARC details
000 -LEADER
fixed length control field 00691nam a22002297a 4500
001 - CONTROL NUMBER
control field 4441800
003 - CONTROL NUMBER IDENTIFIER
control field OSt
005 - DATE AND TIME OF LATEST TRANSACTION
control field 20240514101733.0
008 - FIXED-LENGTH DATA ELEMENTS--GENERAL INFORMATION
fixed length control field 240514b |||||||| |||| 00| 0 eng d
010 ## - LIBRARY OF CONGRESS CONTROL NUMBER
LC control number 94174953
020 ## - INTERNATIONAL STANDARD BOOK NUMBER
International Standard Book Number 9780521427920
020 ## - INTERNATIONAL STANDARD BOOK NUMBER
International Standard Book Number 0521427924 (pbk.)
040 ## - CATALOGING SOURCE
Original cataloging agency KMU
Transcribing agency KMU
Modifying agency KMU
Language of cataloging eng
Description conventions RDA
050 ## - LIBRARY OF CONGRESS CALL NUMBER
Classification number QL 751
100 1# - MAIN ENTRY--PERSONAL NAME
Personal name Manning, Aubrey and Dawkins Marian Stamp.
245 13 - TITLE STATEMENT
Title An introduction to animal behaviour /
Statement of responsibility, etc. Aubrey Manning and Marian Stamp Dawkins.
250 ## - EDITION STATEMENT
Edition statement 4th ed.
260 ## - PUBLICATION, DISTRIBUTION, ETC.
Place of publication, distribution, etc. Cambridge [England] :
Name of publisher, distributor, etc. Cambridge University Press,
Date of publication, distribution, etc. 1992.
300 ## - PHYSICAL DESCRIPTION
Extent x, 196 p. :
Other physical details ill. ;
Dimensions 269 cm.
700 1# - ADDED ENTRY--PERSONAL NAME
Personal name Dawkins, Marian Stamp.
942 ## - ADDED ENTRY ELEMENTS (KOHA)
Source of classification or shelving scheme Library of Congress Classification
Koha item type Non-Fiction
Suppress in OPAC No
Holdings
Withdrawn status Lost status Source of classification or shelving scheme Damaged status Not for loan Home library Current library Shelving location Date acquired Source of acquisition Total Checkouts Full call number Barcode Date last seen Price effective from Koha item type
    Library of Congress Classification     Kapasa Makasa University Kapasa Makasa University Open Access 14.05.2024 Book Aid International   QL 751 Man 730573 24.05.2024 14.05.2024 Non-Fiction